000 00731nam a2200253Ia 4500
003 OSt
005 20220918222311.0
006 a|||||r|||| 00| 0
007 ta
008 220917b |||||||| |||| 00| 0 eng d
024 _a216,371
037 _cTextual
040 _aARTS
_cARTS
_beng
041 _2eng
_aeng
082 _aR44(X:87), P2
100 _aGriffin Douglas
_9142748
245 0 _aEmergence of leadership
_b linking self-organisation and ethics
260 _aLondon
_bRoutledge
_c2002
300 _ax, 225p
_ccm.
490 _aComplexity and emergence in organisations
650 _aBUSINESS ETHICS
_913237
942 _hR44(X:87), P2
_cTEXL
_2CC
999 _c275112
_d275112